Fu nü quan yi fa lü bao zhang yan jiu /
Saved in:
| Main Author: | |
|---|---|
| Format: | Book |
| Language: | Chinese |
| Published: |
Beijing Shi :
Guo jia xing zheng xue yuan chu ban she,
2003.
|
| Edition: | Di 1 ban. |
| Subjects: | |
| Tags: |
Add Tag
No Tags, Be the first to tag this record!
|
| LEADER | 00929cam a2200289 a 4500 | ||
|---|---|---|---|
| 001 | 009342248-2 | ||
| 005 | 20051103115541.0 | ||
| 008 | 051102s2003 cc 000 0 chi | ||
| 010 | |a 2004387064 | ||
| 020 | |a 7801403045 | ||
| 035 | 0 | |a ocm56895297 | |
| 040 | |a DLC-R |c DLC-R |d MH-L | ||
| 042 | |a pcc | ||
| 043 | |a a-cc--- | ||
| 050 | 0 | 0 | |a KNQ2467.W65 |b L543 2003 |
| 100 | 1 | |6 880-01 |a Li, Mingshun. | |
| 245 | 1 | 0 | |6 880-02 |a Fu nü quan yi fa lü bao zhang yan jiu / |c Li Mingshun zhu. |
| 250 | |6 880-03 |a Di 1 ban. | ||
| 260 | |6 880-04 |a Beijing Shi : |b Guo jia xing zheng xue yuan chu ban she, |c 2003. | ||
| 300 | |a iv, 424 p. ; |c 21 cm. | ||
| 650 | 0 | |a Women |x Legal status, laws, etc. |z China. | |
| 880 | 1 | |6 100-01 |a 李明舜. | |
| 880 | 1 | 0 | |6 245-02 |a 妇女权益法律保障硏究 / |c 李明舜著. |
| 880 | |6 250-03 |a 第1版. | ||
| 880 | |6 260-04 |a 北京市 : |b 国家行政学院出版社, |c 2003. | ||
| 988 | |a 20040419 | ||
| 906 | |0 OCLC | ||


